000 00852nam a22002177a 4500
999 _c62144
_d62144
005 20240723122504.0
008 240723s2007 ge ||||| |||| 00| 0 ger d
020 _a9783476022363 X
041 _ager
080 _a821.112.2:37 A-44
100 _aAlt, Peter-André
_dAuthor:
_922905
245 _aAufklärung : /
_cPeter-André Alt
250 _a3. aktualisierte Aufl View all formats and editions
264 _aStuttgart:
_bVerlag, Metzler,
_c2007.
300 _aix, 348 pages ;
_b 23 cm.
440 _a Lehrbuch Germanistik
_922906
653 _a 1700-1799 Allemagne Vie intellectuelle 18e siècle Criticism, interpretation, etc Enlightenment German literature German literature 18th centur
653 _aგერმანული ლიტერატურა
653 _aგანმანათლებლობა
942 _2udc
_cBK